[Event "IX Weekend INPS A"]
[Site "Roma ITA"]
[Date "2003.10.03"]
[Round "1"]
[White "Simeone, Giulio"]
[Black "Corso, Sergio"]
[Result "1-0"]
[WhiteElo "1831"]
[BlackElo "2229"]
[PlyCount "68"]
[EventDate "2003.10.03"]

1. c4 Nf6 2. Nc3 g6 3. e4 d6 4. d4 Bg7 5. f3 O-O 6. Be3 Nc6 7. Bd3 a6 8. Nge2
Rb8 9. O-O Nd7 10. Rc1 e5 11. d5 Nd4 12. Bb1 Nxe2+ 13. Qxe2 Qh4 14. Qd2 f5 15.
exf5 gxf5 16. b4 Nf6 17. a3 Bd7 18. c5 Rbe8 19. c6 bxc6 20. dxc6 Bc8 21. Rfd1
Kh8 22. Bg5 Qh5 23. a4 e4 24. fxe4 Nxe4 25. Nxe4 fxe4 26. Rf1 Qg4 27. Be3 Rf6
28. Rxf6 Bxf6 29. Rf1 Be5 30. Bd4 Qg7 31. Bxe5 Qxe5 32. Qh6 Bf5 33. b5 axb5 34.
axb5 Bg6 1-0